Państwa z literówkami - Statystyki

Ogólne statystyki
  • Ten quiz został rozwiązany 34 razy
  • Średni wynik to 14 z 15
Statystyki odpowiedzi
Podpowiedź Odpowiedź % Poprawnych
Kanadq Kanada
100%
Gahbia Gambia
97%
Hirzpania Hiszpania
97%
Irau Iran/Irak
97%
Rumwnia Rumunia
97%
Turezja Tunezja
97%
Zrugwaj Urugwaj
97%
Domknika Dominika
94%
Fidri Fidżi
94%
Ghkna Ghana
94%
Libao Liban
91%
Baprajn Bahrajn
88%
Toto Togo
85%
Guaana Gujana
79%
Pauru Nauru
67%
Nie znaleziono quizów pasujących do podanych kryteriów
Rozkład punktacji
Procent ludzi z każdym wynikiem
Percentyl według liczby udzielonych odpowiedzi
Twoja historia wyników
Nie rozwiązałeś tego quizu